00826nam a2200241 a 4500001001900000003000400019005001700023008004100040017004600081035003900127035002500166035002300191035002100214040002300235043001200258080001700270100002100287245008200308260003300390300005200423651005300475651005600528991016051159706706OSt20211202122341.0040525s1966 spco || 000 ||spa  aDL B. 34156-1966bBiblioteca de Catalunya a(ES-BaCBU)b13970859-34csuc_network a(ES-BaCBU).b13970859 a(ccuc001)b13970859 a(OCoLC)802715666 aES-BaBCbcatcCDMR ae-ur--- a910.4(47+57)1 aArco, Manuel del10aRusia es otra cosa :b(la U.R.S.S., entrevista por un periodista) /cDel Arco aBarcelona :bAHR,ccop. 1966 a147 p., [16] f. de làm. :bil., fot. ;c25 cm 7aUnió SovièticaxReportatges literaris2lemac 7aUnió SovièticaxCondicions socialsy19662lemac